000 00697nam a2200217Ia 4500
005 20250508164027.0
008 008 250505s9999 xx 000 0 eng d
020 _a0-815-33861-9
037 _aReference
040 _aFEDL
_beng
_cFEDL
041 _aeng
_2eng
084 _a370.9, SHA
_qFEDL
100 _aSharpes Donald K.
_9773814
245 0 _aAdvanced educational foundations for teachers : The history, philosophy, and culture of schooling
260 _aNew York, USA
_bRoutledge Falmer
_c2002
300 _axxii,522p.
365 _aGBP
_b25
650 _aEducation - History; Education - Anthropology
_9777115
942 _cREF
_h370.9, SHA
999 _c1386648
_d1386648